Bromley LBC v Morritt (Record no. 63856)
[ view plain ]
| 000 -LEADER | |
|---|---|
| fixed length control field | 01099cam a2200217 4500 |
| 001 - CONTROL NUMBER | |
| control field | ABS62535 |
| 008 - FIXED-LENGTH DATA ELEMENTS--GENERAL INFORMATION | |
| fixed length control field | 000000n2000 000 0 eng u |
| 035 ## - SYSTEM CONTROL NUMBER | |
| System control number | (Sirsi) u106646 |
| 245 ## - TITLE STATEMENT | |
| Title | Bromley LBC v Morritt |
| 260 ## - PUBLICATION, DISTRIBUTION, ETC. | |
| Date of publication, distribution, etc. | 2000 |
| 490 ## - SERIES STATEMENT | |
| Series statement | Property, Planning and Compensation Reports |
| Volume/sequential designation | [2000] 79 P & CR 536-540(5) |
| 520 ## - SUMMARY, ETC. | |
| Summary, etc. | CA 21 June 1999. In 1973 the council served a notice of intention on M in respect of laying a sewage pipe on his land under the Public Health Act 1936 s15(1). In 1996 M blocked the pipe claiming trespass. The council issued proceedings to recover the costs of repair to the pipe. M counterclaimed that the pipe was not a public sewer but a drain, and therefore under statutory provisions there was no power to lay it. When the pipe was laid a trespass had been committed, and so he was entitled to block it. Appeal dismissed. |
| 590 ## - LOCAL NOTE (RLIN) | |
| Local note | ABS |
| 650 ## - SUBJECT ADDED ENTRY--TOPICAL TERM | |
| Topical term or geographic name entry element | BROMLEY LBC V MORRITT |
| 650 ## - SUBJECT ADDED ENTRY--TOPICAL TERM | |
| Topical term or geographic name entry element | TRESPASS |
| 650 ## - SUBJECT ADDED ENTRY--TOPICAL TERM | |
| Topical term or geographic name entry element | PIPELINES |
| 650 ## - SUBJECT ADDED ENTRY--TOPICAL TERM | |
| Topical term or geographic name entry element | PUBLIC SEWERS |
| 650 ## - SUBJECT ADDED ENTRY--TOPICAL TERM | |
| Topical term or geographic name entry element | PUBLIC HEALTH ACT 1936 S343 |
| 690 ## - LOCAL SUBJECT ADDED ENTRY--TOPICAL TERM (OCLC, RLIN) | |
| Topical term or geographic name as entry element | PROPERTY AND LAND LAW-CASE LAW |
| 942 ## - ADDED ENTRY ELEMENTS (KOHA) | |
| Suppress in OPAC | 0 |
| Withdrawn status | Lost status | Source of classification or shelving scheme | Damaged status | Not for loan | Home library | Current library | Shelving location | Date acquired | Total Checkouts | Full call number | Barcode | Date last seen | Copy number | Price effective from | Koha item type |
|---|---|---|---|---|---|---|---|---|---|---|---|---|---|---|---|
| Dewey Decimal Classification | London | London | Journal article | 22/06/2000 | ABS62535 | 106646-1001 | 06/08/2019 | 1 | 06/08/2019 | Law report |